000 01253naa a22003617a 4500
001 BR8106221
003 BR-BrBNA
005 20240918174914.0
007 ta
008 230509b bl.||||| |||| 00| 0 por d
040 _aBR-BrBNA
_bpor
_cBiblioteca Nacional de Agricultura
041 _a(Pt)
072 _aM40; P10; T00
090 _aM40 BR8106221
100 1 _aFornasaro, G.J.
100 1 _aPalombo, S.R.K.
100 1 _aPereira, D.N.
100 1 _aMartins, M.T.
111 1 _a2. Seminario Regional de Ecologia
_cSao Carlos, SP (Brazil)
_d27 Nov 1980
245 1 _aAplicacoes de indices biologicos numericos para avaliacao da qualidade ambiental [meio ambiente, agua, analise qualitativa, poluicao]
260 3 _aSao Carlos, SP (Brasil):
_c1981.
500 _a2. Seminario Regional de Ecologia Sao Carlos, SP (Brasil): 1981. p. 407-435 (BR8106221-AM)M40
650 _aMICRORGANISMO
650 _aPOPULACAO MICROBIANA
650 _aECOLOGIA AQUATICA
650 _aECOSSISTEMA
650 _aPOLUICAO
650 _aAGUA
650 _aANALISE QUALITATIVA
773 0 _t2. Seminario Regional de Ecologia
_wM40 BR8106221
_gSao Carlos, SP (Brasil), 1981. p. 407-435
909 _a202404
_bLucia
_c55
_dLucia Elande
942 _cAM
_2AGRIS
999 _c314323
_d314323